Financial analysis

Spremljeno u:
Bibliografski detalji
Format: Knjiga
Jezik:Undetermined
Izdano: Korea The Korea Development Bank 1975
Teme:
Oznake: Dodaj oznaku
Bez oznaka, Budi prvi tko označuje ovaj zapis!
Thư viện lưu trữ: Trung tâm Học liệu Trường Đại học Cần Thơ
LEADER 00443nam a2200169Ia 4500
001 CTU_92131
008 210402s9999 xx 000 0 und d
082 |a 332 
082 |b F491 
245 0 |a Financial analysis 
260 |a Korea 
260 |b The Korea Development Bank 
260 |c 1975 
650 |a finance,korea 
650 |x korea,economic conditions 
904 |i Mai Loan 
980 |a Trung tâm Học liệu Trường Đại học Cần Thơ